00597nam a2200181Ia 4500952012600000999001700126003000400143005001700147008004100164040000900205082001900214100001900233245004400252260004000296300001000336650002400346942004500370 00102ddc40708LEXIaMESbMEScLEXICONd2019-02-20l0o491.443 NAV/Np6753r2019-02-20 00:00:00w2019-02-20yREFzU18R5 c35349d35349OSt20201217121358.0190216s9999||||xx |||||||||||||| ||und|| coclc a491.443bNAV/N aNavalagi97627 0aNalanda Vishal Sabdha Sagar /cNavalagi bSradish Book Depot, c1969.aDelhi: a1100p aDictionary Of Hindi cREF2ddch491.443iNAV/Nk491.443mNAV/N